Manga par le nom du personnage principal - Statistiques

Statistiques générales
  • Ce quiz a été pris 1 743 fois
  • Le résultat moyen est 6 sur 14
Statistiques - réponses
Hero Manga % Correct
Sangoku Dragon Ball
100%
Monkey D. Luffy One Piece
100%
Naruto Uzumaki Naruto
99%
Light Yagami Death Note
89%
Izuku Midoriya My hero academia
75%
Edward Elric FullMetal Alchemist
68%
Thorfinn Karlsefni Vinland Saga
46%
Gally Gunnm
11%
Moritaka Mashiro Bakuman
9%
Staz Charlie Blood Blood Lad
7%
Terrence Meyer Dreamland
7%
Nobuaki Kanazawa King's Game
7%
Mirai Kakehashi Platinum End
6%
Keel Buster Keel !
5%
Aucun quiz correspondant
Distribution des résultats
% des personnes avec chaque résultat
Percentile par nombre de réponses
Votre historique - résultats
Vous n’avez pas pris ce quiz